Normal view
MARC view
Entry Personal Name
001 - CONTROL NUMBER
- control field: 68525
003 - CONTROL NUMBER IDENTIFIER
- control field: dpl
005 - DATE AND TIME OF LATEST TRANSACTION
- control field: 20240718123337.0
008 - FIXED-LENGTH DATA ELEMENTS
- fixed length control field: 240718|| aca||aabn | a|a d
040 ## - CATALOGING SOURCE
- Original cataloging agency: dpl
- Transcribing agency: dpl
100 ## - HEADING--PERSONAL NAME
- Personal name: पांडेय, सूर्य कुमार
670 ## - SOURCE DATA FOUND
- Source citation: Work cat.: (dpl)204173: पांडेय, सूर्य कुमार, चौरी-चौराःजनक्रांति का नया सवेरा /, 2022
